LEADER 01102nam a2200265 u 4500 001 000000033648 003 CaOOAMICUS 005 20070226112403.0 008 971106s1955 fr u000 u fre u 035 $a10775606 040 $aPUL(R)$bita 100 1 $aHerbin, Pierre.$0(OLS)http://pul/name/26204 245 10$aMaladie et mort du chrétien /$cpar Pierre Herbin ; lettre-préface de S. Exc. Mgr Lamy .. 260 $aParis :$bCerf,$c1955. 300 $a165 p. ;$c19 cm 490 1 $aL'esprit liturgique ;$v9 504 $aBibliografia a pie' pagina. 830 2$aL'esprit liturgique ;$v9.$0(OLS)http://pul/title/14312 850 $aPUL 852 $aPUL$W1$xDP2 Religione 1$y63$m11 H 20$j46187$nBK-PRI$qStampati$B46187$CPULBib$Z2$F46187 $H21436 $81 852 $aPUL$W1$xDP1 Fondo Pastorale$y55$mP2 B 9$j46188$nBK-PRI$b $qFondi$B46188$CPULBib$Z2$F46188 $HPUL732 $81 941 1 $a8 941 1 $a1 996 $6245$aMaladie et mort du chrétien$9(OLS)http://pul/title/46293 996 $6260$aParis :$bCerf$9(OLS)http://pul/publisher/48238 LEADER 01156nam a2200265 u 4500 001 000000112840 003 CaOOAMICUS 005 20090514115836.0 008 080723s2008 it u000 u ita u 020 $z978-88-348-8400-3* 040 $aPUL$bita$dLDB 100 1 $aRatti, Giovanni Battista.$0(OLS)http://pul/name/69498 245 10$aSistema giuridico e sistemazione del diritto /$cGiovanni Battista Ratti. 260 $aTorino :$bGiappichelli,$cc2008. 300 $axix, 375 p. ;$c23 cm. 490 1 $aAnalisi e diritto.$aSerie teorica ;$v77 504 $aBibliografia: p. [357]-375. 650 14$aDiritto$xTeorie.$0(OLS)http://pul/subject/14694 830 0$aAnalisi e diritto.$pSerie teorica ;$v77.$0(OLS)http://pul/title/74924 850 $aPUL 852 $aPUL$W1$xSL Diritto e Scienze Sociali 3$y79$m340 RATGI 1$j129114$qDDC 21$B128080$CPULBib$Z2$F128080 $H107767 $82 941 1 $a9 996 $6020$z978-88-348-8400-3*$9(OLS)http://pul/number/138574 996 $6245$aSistema giuridico e sistemazione del diritto$9(OLS)http://pul/title/141839 996 $6260$aTorino :$bGiappichelli$9(OLS)http://pul/publisher/48244